Caspar David Friedrich : Naturwirklichkeit und Kunstwahrheit
Saved in:
| Main Author: | |
|---|---|
| Other Authors: | |
| Document Type: | Book |
| Language: | German |
| Published: |
München
: Beck
, 2000
|
| Subjects: | |
| Online Access: | Inhaltsverzeichnis Inhaltsverzeichnis |
| Related Items: | Rezension:
[Rezension von: Hofmann, Werner, Caspar David Friedrich, Naturwirklichkeit und Kunstwahrheit] Rezension: Caspar David Friedrich Rezension: [Rezension von: Werner Hofmann, Caspar David Friedrich] Rezensiert in: [Rezension von: Hofmann, Werner, Caspar David Friedrich, Naturwirklichkeit und Kunstwahrheit] |
| Author Notes: | Werner Hofmann |
| LEADER | 04288cam a2200877 c 4500 | ||
|---|---|---|---|
| 001 | 318087480 | ||
| 003 | DE-627 | ||
| 005 | 20260414130606.0 | ||
| 007 | tu | ||
| 008 | 000811s2000 gw ||||| 00| ||ger c | ||
| 015 | |a 00,N34,0829 |2 dnb | ||
| 015 | |a 01,A01,1231 |2 dnb | ||
| 016 | 7 | |a 959300767 |2 DE-101 | |
| 020 | |a 3406464750 |q Gewebe : DM 148.00 |9 3-406-46475-0 | ||
| 024 | 3 | |a 9783406464751 | |
| 035 | |a (DE-627)318087480 | ||
| 035 | |a (DE-603)092663613 | ||
| 035 | |a (DE-576)086107372 | ||
| 035 | |a (DE-599)DNB959300767 | ||
| 035 | |a (OCoLC)247389767 | ||
| 035 | |a (OCoLC)247389767 | ||
| 035 | |a (OCoLC)185511625 | ||
| 035 | |a (DE-605)HT012851793 | ||
| 035 | |a (DE-478)952160270 | ||
| 040 | |a DE-627 |b ger |c DE-627 |e rakwb | ||
| 041 | |a ger | ||
| 044 | |c XA-DE | ||
| 082 | 0 | 4 | |a 13.4p;13.3/XA-DE |q dnb |
| 084 | |a Ryk Friedrich, C. D. |2 asb | ||
| 084 | |a KU 7 HOF |2 sfb | ||
| 084 | |a KU 803 FRI |2 sfb | ||
| 084 | |a K 911 Friedrich, C. D. |2 kab | ||
| 084 | |a 46 |2 sdnb | ||
| 084 | |a 9,10 |2 ssgn | ||
| 084 | |a LI 30655 |q BVB |2 rvk |0 (DE-625)rvk/96031:13283 | ||
| 084 | |a LI 30654 |2 rvk |0 (DE-625)rvk/96031:13282 | ||
| 084 | |a 20.31 |2 bkl | ||
| 084 | |a 21.02 |2 bkl | ||
| 090 | |a a | ||
| 100 | 1 | |a Hofmann, Werner |d 1928-2013 |0 (DE-588)120644398 |0 (DE-627)080802435 |0 (DE-576)213307138 |4 aut | |
| 240 | 1 | 0 | |a Caspar David Friedrich <dt.> |
| 245 | 1 | 0 | |a Caspar David Friedrich |b Naturwirklichkeit und Kunstwahrheit |c Werner Hofmann |
| 264 | 1 | |a München |b Beck |c 2000 | |
| 300 | |a 297 S. |b zahlr. Ill. |c 32 cm | ||
| 336 | |a Text |b txt |2 rdacontent | ||
| 337 | |a ohne Hilfsmittel zu benutzen |b n |2 rdamedia | ||
| 338 | |a Band |b nc |2 rdacarrier | ||
| 500 | |a Literaturverz. S. 287 | ||
| 583 | 1 | |a Archivierung/Langzeitarchivierung gewährleistet |f SSG |x XA-DE-BW |2 pdager |5 DE-16 | |
| 655 | 7 | |a Biografie |0 (DE-588)4006804-3 |0 (DE-627)104213493 |0 (DE-576)208867147 |2 gnd-content | |
| 689 | 0 | 0 | |d p |0 (DE-588)118535889 |0 (DE-627)144925958 |0 (DE-576)208925252 |a Friedrich, Caspar David |d 1774-1840 |2 gnd |
| 689 | 0 | 1 | |d s |0 (DE-588)4037220-0 |0 (DE-627)10623871X |0 (DE-576)209022892 |a Malerei |2 gnd |
| 689 | 0 | |5 DE-101 | |
| 700 | 1 | |a Friedrich, Caspar David |d 1774-1840 |e Ill. |0 (DE-588)118535889 |0 (DE-627)144925958 |0 (DE-576)208925252 |4 ill | |
| 700 | 1 | 2 | |a Hofmann, Werner |d 1928-2013 |t Caspar David Friedrich <dt.> |
| 787 | 0 | 8 | |i Rezension |a Hildebrand-Schat, Viola |t [Rezension von: Hofmann, Werner, Caspar David Friedrich, Naturwirklichkeit und Kunstwahrheit] |d 2002 |w (DE-627)756902924 |
| 787 | 0 | 8 | |i Rezension |a Scholl, Christian |t Caspar David Friedrich |d 2001 |w (DE-627)1352710374 |w (DE-576)28271037X |
| 787 | 0 | 8 | |i Rezension |a Zimmermann, Reinhard, 1952 - |t [Rezension von: Werner Hofmann, Caspar David Friedrich] |d 2001 |w (DE-627)1547721871 |w (DE-576)477721877 |
| 787 | 0 | 8 | |i Rezensiert in |a Hildebrand-Schat, Viola |t [Rezension von: Hofmann, Werner, Caspar David Friedrich, Naturwirklichkeit und Kunstwahrheit] |d 2002 |w (DE-627)358503817 |
| 787 | 0 | 8 | |i Rezensiert in |w (DE-603)395020999 |
| 856 | 4 | 2 | |u http://d-nb.info/959300767/04 |m V:DE-605 |q application/pdf |3 Inhaltsverzeichnis |7 1 |
| 856 | 4 | 2 | |u http://scans.hebis.de/HEBCGI/show.pl?09266361_toc.pdf |m V:DE-603;B:DE-17 |q application/pdf |3 Inhaltsverzeichnis |7 1 |
| 935 | |a SAXB |a LBGMV | ||
| 935 | |i sf | ||
| 935 | |i Blocktest | ||
| 936 | r | v | |a LI 30655 |b Biografien, Werkdarstellungen, Gedenkreden und andere Gesamtwürdigungen (Sammelwerke, Festschriften etc.) |k Kunstgeschichte |k Künstler-Monografien |k Alphabetische Künstlerliste |k Künstler F |k Friedrich, Caspar David (bis 30660) |k Biografien, Werkdarstellungen, Gedenkreden und andere Gesamtwürdigungen (Sammelwerke, Festschriften etc.) |0 (DE-627)1270672207 |0 (DE-625)rvk/96031:13283 |0 (DE-576)200672207 |
| 936 | r | v | |a LI 30654 |b Dokumente zu Leben und Werk |k Kunstgeschichte |k Künstler-Monografien |k Alphabetische Künstlerliste |k Künstler F |k Friedrich, Caspar David (bis 30660) |k Dokumente zu Leben und Werk |0 (DE-627)1272379485 |0 (DE-625)rvk/96031:13282 |0 (DE-576)202379485 |
| 936 | b | k | |a 20.31 |j Bildende Künstler |0 (DE-627)181571080 |
| 936 | b | k | |a 21.02 |j Geschichte der Malerei |0 (DE-627)106406698 |
| 936 | s | n | |a l300 |2 mzub |
| 936 | s | n | |a n100 |2 mzub |
| 951 | |a BO | ||
| 990 | |a Friedrich, Caspar David | ||
| 990 | |a Malerei | ||
| 991 | |a Rezensiertes Werk | ||
| 999 | |a KXP-PPN318087480 |e 4077535255 | ||


